| 000 | 00894cam a22002411 4500 | ||
|---|---|---|---|
| 001 | sa 68010452 | ||
| 003 | DLC | ||
| 005 | 20260227112551.0 | ||
| 008 | 711206s1968 ii 000 0 eng | ||
| 010 | _asa 68010452 | ||
| 035 | _a(OCoLC)178790 | ||
| 040 |
_aDLC _cOKentU _dOCoLC _dDLC |
||
| 042 | _apremarc | ||
| 050 | 0 | 0 |
_aLB2901 _b.O15 |
| 100 | 1 |
_aOad, L. K., _d1923- |
|
| 245 | 1 | 0 |
_aCurrent issues in education; _bbeing a comparative study of some current issues in education in relation to the roles played by groups interested in the formulation of educational policies in England and India, _cby L. K. Oad. |
| 250 | _a[1st ed.] | ||
| 260 |
_aDelhi, _bYoung Man _c[1968] |
||
| 300 |
_ax, 436, v p. _billus. _c23 cm. |
||
| 504 | _aBibliography: p. [i]-v (3d group) | ||
| 650 | 0 |
_aSchool management and organization _zGreat Britain. |
|
| 650 | 0 |
_aSchool management and organization _zIndia |
|
| 999 |
_c83396 _d83396 |
||